| 000 | 01249nab a22002657a 4500 | ||
|---|---|---|---|
| 999 |
_c6393 _d6393 |
||
| 003 | OSt | ||
| 005 | 20260201173425.0 | ||
| 008 | 190506c xxu||||| |||| 00| 0 spa d | ||
| 040 | _cPJ | ||
| 100 |
_97031 _aForastiero, Luciano |
||
| 245 | 1 | 3 |
_aEl instituto de la huelga / _cLuciano Forastiero, Natalia Julieta Galdeano. |
| 260 |
_aBuenos Aires : _bAbeledoPerrot, _c2023. |
||
| 300 | _ap. 20-24 | ||
| 500 | _aCita: TR LALEY AR/DOC/2032/2023 | ||
| 505 | _aSumario: I. Introducción. Concepto.— II. Clasificación.— III. Titularidad del derecho de huelga.— IV. Legitimidad del ejercicio del derecho de huelga.— V. Efectos de la huelga.— VI. Derecho de huelga en Argentina.— VII. Derecho de huelga en el mundo.— VIII. Bibliografía. | ||
| 505 | _t¿Te interesa el texto completo? Comunicate al correo: koha@justierradelfuego.gov.ar | ||
| 650 | 0 |
_91316 _aDERECHO LABORAL |
|
| 650 | 0 |
_91341 _aHUELGA |
|
| 650 | 0 |
_94564 _aDERECHO DE HUELGA |
|
| 650 | 0 |
_91462 _aCONFLICTOS COLECTIVOS DE TRABAJO |
|
| 650 | 0 |
_91340 _aMEDIDAS DE FUERZA |
|
| 700 |
_97032 _aGaldeano, Natalia Julieta |
||
| 773 | 0 |
_02751 _93202 _dBuenos Aires : AbeledoPerrot, 2013- _tRevista de derecho laboral y seguridad social. Nº 19- Octubre 2023 |
|
| 942 |
_2udc _cANA |
||